JRと私鉄が両方通る駅 - Statistics

General Stats
  • This quiz has been taken 1,892 times
    1,877 since last reset
  • The average score is 142 of 262
Answer Stats
Hint Answer % Correct
東京都 新宿
88%
東京都 東京
87%
東京都 上野
85%
東京都 品川
85%
東京都 渋谷
85%
神奈川県 横浜
85%
東京都 池袋
84%
三重県
83%
青森県 青森
82%
東京都 秋葉原
82%
埼玉県 大宮
82%
愛知県 名古屋
82%
京都府 京都
80%
千葉県 千葉
80%
神奈川県 小田原
78%
石川県 金沢
78%
東京都 新橋
78%
東京都 目黒
78%
東京都 神田
77%
東京都 高田馬場
77%
愛知県 豊橋
77%
東京都 日暮里
77%
東京都 五反田
76%
神奈川県 新横浜
76%
宮城県 仙台
76%
東京都 大崎
75%
東京都 中野
75%
長野県 長野
75%
大阪府 | 福島県 福島
75%
富山県 富山
74%
東京都 西日暮里
74%
福井県 福井
74%
東京都 恵比寿
73%
千葉県
73%
大阪府 新大阪
73%
千葉県 西船橋
73%
和歌山県 | 神奈川県 橋本
73%
東京都 有楽町
73%
和歌山県 和歌山
73%
東京都 北千住
72%
東京都 代々木
72%
群馬県 高崎
71%
福井県 敦賀
71%
岩手県 盛岡
71%
神奈川県 大船
70%
東京都 巣鴨
70%
福岡県 博多
70%
神奈川県 藤沢
70%
東京都 飯田橋
69%
東京都 大井町
69%
愛知県 金山
69%
東京都 駒込
69%
神奈川県 武蔵小杉
69%
東京都 新木場
68%
大阪府 天王寺
68%
青森県 八戸
68%
静岡県 伊東
67%
神奈川県 海老名
67%
東京都 蒲田
67%
静岡県 三島
67%
茨城県 水戸
67%
東京都 四ツ谷
67%
東京都 御茶ノ水
66%
東京都 錦糸町
66%
長野県 上田
65%
大阪府 京橋
65%
東京都 水道橋
65%
千葉県 船橋
65%
東京都 町田
65%
千葉県 松戸
65%
長野県 松本
65%
山梨県 大月
64%
東京都 荻窪
64%
長野県 軽井沢
63%
埼玉県 川越
63%
東京都 吉祥寺
63%
大阪府 鶴橋
63%
千葉県 成田空港
63%
滋賀県 米原
63%
三重県 桑名
62%
東京都 国分寺
62%
富山県 高岡
62%
神奈川県 鎌倉
61%
埼玉県 熊谷
61%
福岡県 小倉
61%
東京都 南千住
61%
東京都 市ケ谷
60%
新潟県 糸魚川
60%
東京都 王子
60%
岐阜県 大垣
60%
神奈川県 桜木町
60%
愛知県 岡崎
59%
大阪府 新今宮
59%
和歌山県 和歌山市
59%
神奈川県 厚木
58%
群馬県 伊勢崎
58%
三重県 伊勢市
58%
静岡県 掛川
58%
東京都 高尾
58%
神奈川県 戸塚
58%
新潟県 直江津
58%
神奈川県 登戸
58%
福井県 芦原温泉
57%
埼玉県 久喜
57%
石川県 小松
57%
新潟県 上越妙高
57%
神奈川県 長津田
57%
大阪府 西九条
57%
東京都 綾瀬
56%
石川県 加賀温泉
56%
神奈川県 菊名
56%
北海道 木古内
56%
鹿児島県 川内
56%
茨城県 取手
56%
東京都 拝島
56%
大阪府 関西空港
55%
埼玉県 栗橋
55%
千葉県 五井
55%
長崎県 佐世保
55%
栃木県 栃木
55%
滋賀県 彦根
55%
三重県 松阪
55%
東京都 武蔵境
55%
埼玉県 寄居
55%
東京都 両国
55%
奈良県 王寺
54%
群馬県 桐生
54%
東京都 八丁堀
54%
千葉県 本八幡
54%
東京都 浅草橋
53%
千葉県 大原
53%
埼玉県 小川町
53%
神奈川県 関内
53%
千葉県 千葉みなと
53%
三重県 鳥羽
53%
滋賀県 近江八幡
52%
茨城県 勝田
52%
東京都 亀戸
52%
京都府 山科
52%
茨城県 鹿島サッカースタジアム
51%
静岡県 新所原
51%
兵庫県 宝塚
51%
京都府 福知山
51%
愛知県 大曽根
50%
愛知県 高蔵寺
50%
北海道 五稜郭
50%
兵庫県 新神戸
50%
千葉県 銚子
50%
宮城県 名取
50%
岩手県 二戸
50%
大阪府 りんくうタウン
50%
山形県 赤湯
49%
岩手県 いわて沼宮内
49%
静岡県 金谷
49%
愛知県 蒲郡
49%
栃木県 佐野
49%
青森県 弘前
49%
熊本県 八代
49%
長崎県 諫早
48%
秋田県 角館
48%
愛知県 刈谷
48%
岩手県 久慈
48%
茨城県 下館
48%
鳥取県 智頭
48%
長野県 篠ノ井
47%
石川県 津幡
47%
岩手県 宮古
47%
石川県 和倉温泉
47%
千葉県 空港第2ビル
47%
兵庫県 粟生
46%
福岡県 大牟田
46%
神奈川県 新杉田
46%
愛知県 千種
46%
新潟県 十日町
46%
兵庫県 豊岡
46%
東京都 東中野
46%
東京都 分倍河原
46%
千葉県 南流山
46%
新潟県 六日町
46%
大阪府 森ノ宮
46%
岐阜県 恵那
45%
岩手県 釜石
45%
長野県 小諸
45%
青森県 野辺地
45%
埼玉県 東川口
45%
埼玉県 東飯能
45%
鹿児島県 出水
44%
兵庫県 上郡
44%
奈良県 桜井
44%
神奈川県 中山
44%
京都府 西舞鶴
44%
福岡県 姪浜
44%
佐賀県 伊万里
43%
滋賀県 貴生川
43%
和歌山県 御坊
43%
兵庫県 三田
43%
大阪府 大正
43%
京都府 二条
43%
岐阜県 美濃太田
43%
静岡県 吉原
43%
三重県 伊賀上野
42%
埼玉県 越生
42%
高知県 後免
42%
愛知県 弥富
42%
秋田県 羽後本荘
41%
愛知県 勝川
41%
熊本県 新水俣
41%
石川県 七尾
41%
宮城県 槻木
40%
愛知県 鶴舞
40%
千葉県 東松戸
40%
愛知県 枇杷島
40%
徳島県 阿波海南
39%
福井県 越前花堂
39%
宮城県 北仙台
39%
宮城県 長町
39%
大阪府 弁天町
39%
熊本県 上熊本
38%
新潟県 犀潟
38%
兵庫県 新長田
38%
広島県 新白島
38%
千葉県 都賀
38%
長野県 豊野
38%
千葉県 馬橋
38%
奈良県 天理
37%
福島県 西若松
37%
神奈川県 八丁畷
37%
大阪府 柏原
36%
岡山県 総社
36%
愛知県 八田
36%
佐賀県 有田
35%
三重県 河原田
35%
岩手県 好摩
35%
奈良県 吉野口
35%
高知県 窪川
34%
兵庫県 佐用
34%
山形県 今泉
33%
京都府 東福寺
33%
神奈川県 羽沢横浜国大
33%
京都府 六地蔵
33%
大阪府 三国ヶ丘
32%
兵庫県 元町
32%
鳥取県 郡家
31%
福岡県 行橋
31%
兵庫県 和田岬
30%
福岡県 田川後藤寺
29%
大阪府 玉造
29%
山口県 川西
28%
岡山県 清音
28%
兵庫県 住吉
28%
高知県 若井
28%
佐賀県 基山
26%
広島県 大町
25%
広島県 神辺
25%
福岡県 田川伊田
25%
大阪府 長居
25%
福岡県 直方
25%
大阪府 鴫野
24%
熊本県 立野
21%
福岡県 和白
17%
No matching quizzes found
Score Distribution
Percent of People with Each Score
Percentile by Number Answered
Your Score History
You have not taken this quiz since the last reset